Foy Bronchiolitis and Pneumonia Quiz Stats

 Plays Quiz not verified by Sporcle

Challenge
Share
Tweet
Embed
Score 0/22 Timer 15:00
0 Plays Today
Question Answer % Correct
Viral or Bacterial: CXR is streaky/patchyViral
88.2%
Viral or Bacterial: Abrupt onset and none to mild URI symptomsBacterial
88.2%
Viral or Bacterial: CBC is normal-low WBC with Right shiftViral
85.3%
Viral or Bacterial: High fever, toxic and ill appearingBacterial
82.4%
Viral or Bacterial: Gradual onset and prominent URI symptoms. Viral
79.4%
Viral or Bacterial: Low-grade fever and lack of toxicityViral
79.4%
Viral or Bacterial: CXR is Lobar/segmental Bacterial
79.4%
Viral or Bacterial: CBC - high WBC with Left shiftBacterial
76.5%
Most common bacterial cause of pneumonia in neonates. Group B streptococcus
67.6%
Rales on auscultation, usually in the context of fever and cough, often bacterial if associated with high fever and toxicity, often viral if associated with URI symptoms. Pneumonia
55.9%
Name a prevention method for RSV in the hospital. handwashing, gown and gloves, cohorting
50%
Question Answer % Correct
Drug used for prevention of RSV in high risk infants. Premature 29-32wks, less than 6mo in the beginning of RSV season. Palivizumab
50%
Name a DDx for Bronchiolitis. Pneumonia, asthma, CHF, foreign body aspiration, GER, cystic fibrosis
50%
Name a Diagnostic modality for Pneumonia. Clinical, CXR, blood culture, TB skin test, CBC
50%
A CXR which demonstrates infiltrates or space occupying lesions consistent with infiltrates or atelectasis. Pneumonia
44.1%
______ pneumonia is spread to neonate by vaginal secretions. 12% of pregnant women infected. Causes 75% of afebrile pneumonias in infants. Chlamydial
44.1%
Name a common Clinical finding for diagnosis of RSV. Wheezing, winter, known RSV in the community
41.2%
Clinical findings in _____: Coryza, rhinitis, 101-102 fever for 3-4 days. 40% of infants progress to bronchiolitis, pneumonitis, or pneumonia. RSV
38.2%
RSV is a definite risk factor for ______.asthma
38.2%
Name a hospitalization criteria for Pneumonia. Less than 2mo old with lobar infiltrate or ill appearing, respiratory distress, dehydration
20.6%
Name a hospitalization criteria for RSV. O2 sat less than 93%, RR greater than 60, CHD, BPD, immunosuppression
17.6%
Name an etiology of pneumonia in children. Infectious agents, inflammatory process (SLE, sarcoidosis), toxic substances (baby powder), tumors (Wilms)
17.6%

You're not logged in!

Compare scores with friends on all Sporcle quizzes.
OR
Log In

You Might Also Like...

Show Comments

Extras

Top Quizzes Today


Score Distribution

Your Account Isn't Verified!

In order to create a playlist on Sporcle, you need to verify the email address you used during registration. Go to your Sporcle Settings to finish the process.

Report this User

Report this user for behavior that violates our Community Guidelines.

Details: